Quizzes
Events
Quiz Creation
Community
Videos
Private Events
Remove Ads
Sign In
Join for FREE
Feedback
Dark Mode
Quiz Categories
Sports
Geography
Music
Movies
Television
Just For Fun
Miscellaneous
History
Literature
Language
Science
Gaming
Entertainment
Religion
Holiday
For Kids
Quiz Lab
Recent
Popular Today
Quiz Kudos Today
Editor Picks
Curator Picks
Quizzes by...
Day
Popularity
Type
Ratings
Length
Year
Community
Subscriptions
Recent Discussions
Orange Saloon
Badges
Playlists
Quests
Create
Leaderboards
Showdown
Live 5
Trivia Bingo
Activity
Puzzle Library
Sporcle Events
Private Events
Virtual Trivia
Globe League
Become a Host
Pub Owners
SporcleCon
Opinionation
Our Games
Videos
Blog
Mobile Apps
Partnerships
Remove Ads and Go Orange
Feedback
Sports
Athletes
MLB
NBA
NHL
NFL
Soccer
Sports Teams
WWE
NCAA
Football
Premier League
Basketball
Baseball
Hockey
Golf
Tennis
Cricket
Rugby
Auto Racing
Olympics
World Cup
Sports
Athletes
MLB
NBA
NHL
NFL
Soccer
Sports Teams
WWE
NCAA
Football
Premier League
Basketball
Baseball
Hockey
Golf
Tennis
Cricket
Rugby
Auto Racing
Olympics
World Cup
Random Quiz
Search Sporcle
×
Quiz Lab
Quiz Lab
Sports
Basketball
Type in answers that appear in a list
Type in answers that appear in a list
Classic
Best Score? Go Orange.
Atlanta Hawks Playoff Scoring Highs Stats
Can you name the Atlanta Hawks' players who have scored at least 30 points in a playoff game?
By
AtlantaHawks
4m
55 Questions
321 Plays
321 Plays
321 Plays
Comments
Comments
Give Quiz Kudos
Give Quiz Kudos
-
- Ratings
hide this ad
Replay
Link that replays current quiz
Next Quiz
Link to next quiz in quiz playlist
You Got
0%
They Got
Avg Score
55%
Avg Friend Score
Upgrade to see
Score Distribution
Jump to the score distribution portion of the page
Score
0/55
Timer
04:00
0
Plays Today
Points
Player
% Correct
50
Dominique Wilkins
94.7%
47
Dominique Wilkins
94.7%
43
Dominique Wilkins
94.7%
43
Dominique Wilkins
94.7%
40
Dominique Wilkins
94.7%
38
Dominique Wilkins
94.7%
38
Dominique Wilkins
94.7%
37
Dominique Wilkins
94.7%
37
Dominique Wilkins
94.7%
35
Dominique Wilkins
94.7%
35
Dominique Wilkins
94.7%
33
Dominique Wilkins
94.7%
32
Dominique Wilkins
94.7%
32
Dominique Wilkins
94.7%
31
Dominique Wilkins
94.7%
30
Dominique Wilkins
94.7%
30
Dominique Wilkins
94.7%
45
Paul Millsap
82.6%
30
Jeff Teague
75.1%
35
Joe Johnson
70.7%
34
Joe Johnson
70.7%
37
Pete Maravich
59.2%
37
Pete Maravich
59.2%
37
Pete Maravich
59.2%
36
Pete Maravich
59.2%
34
Pete Maravich
59.2%
34
Pete Maravich
59.2%
31
Pete Maravich
59.2%
Points
Player
% Correct
35
Steve Smith
58.6%
35
Steve Smith
58.6%
34
Doc Rivers
43.9%
32
Doc Rivers
43.9%
41
Lou Hudson
42.4%
39
Lou Hudson
42.4%
37
Lou Hudson
42.4%
36
Lou Hudson
42.4%
35
Lou Hudson
42.4%
35
Lou Hudson
42.4%
35
Lou Hudson
42.4%
30
Lou Hudson
42.4%
30
Lou Hudson
42.4%
30
Lou Hudson
42.4%
31
Mookie Blaylock
30.5%
35
Danny Manning
9.7%
31
Zelmo Beaty
9.7%
31
Zelmo Beaty
9.7%
30
Zelmo Beaty
9.7%
39
Joe Caldwell
6.9%
38
Joe Caldwell
6.9%
34
Joe Caldwell
6.9%
35
Randy Wittman
6.5%
34
Randy Wittman
6.5%
31
Richie Guerin
5.9%
34
Walt Hazzard
5%
32
Walt Hazzard
5%
Quiz Playlist
Details
Report
Send in Message
Add To Playlist
Classic:
Type in answers that appear in a list
Quiz Source
Last Updated: Apr 18, 2017
Quiz Scoreboard
CHALLENGE
Sign Up to Join the Scoreboard
Show All
Scores
Hide
Comments
May contain spoilers
Recently Published
Billboard Blitz: Fleetwood Mac
by CooCooCachoo
Music
15s
Presidents Visiting Landmarks
by Hejman
History
7m
An Introduction to Baseball
by treessimontrees
Sports
5m
More to Explore
Quiz From the Vault
Featured Blog Post
Where Did the Easter Bunny Come From?
hide this ad
You Might Also Like...
Tags
Basketball Quiz
NBA Quiz
Atlanta
Atlanta Hawks
NBA Player
NBA Playoffs
NBA Points
Playoff Points
Playoff Roster
Pro League
Pro Sports
Today's Top Quizzes in Sports
Browse Sports
hide this ad
Today's Top Quizzes in Basketball
Browse Basketball
Top Contributed Quizzes in Sports
1
Les meilleurs buteurs des matchs entre le PSG et l’OM
2
2022 World Cup Stars
3
FIFA Club World Cup Champions
4
Les entraîneurs de l'OM et du PSG au 21e siècle
5
Criteria MLB: Left Handed Sluggers
6
Name the Premier League winners with different clubs
7
5-to-1: UK Sports Teams
8
AFC Teams Reveal (Wrong Answers Minefield)
9
Players with Multiple 50 Home Run Seasons
10
5-to-1: FBS Animal Nicknames
Explore More
Trending Topics
Anime
Crossword
Disney
Harry Potter
Kpop
NBA
Marvel
The Office
Pokémon
Song
Soccer
Country
WWE
NFL
Puzzle
hide this ad
More By:
AtlantaHawks
Quiz
Plays
Rating
Category
Featured
Created
Match The NBA Team With Each Emoji
67,196
1.42
Sports
Aug 12, 2016
Atlanta Hawks 2015-16 Roster
11,917
3.00
Sports
Jul 14, 2015
2014-15 NBA All-Stars
9,619
4.50
Sports
Jun 9, 2015
Teams With 4 NBA All-Stars
6,524
4.86
Sports
Feb 11, 2015
Atlanta Hawks 2016-17 Roster
2,346
4.00
Sports
Jul 26, 2016
Go to Creator's Profile
Score Distribution
Quiz Creator Spotlight
AtlantaHawks
Follow
Send a Message
Quizzes Created
-
Created Quiz Play Count
-
More By This Creator
Popular Quizzes Today
1
Find the US States - No Outlines Minefield
2
Find the Countries of Europe - No Outlines Minefield
3
The Countries of the World
4
Find the US States
5
US States
6
Popular People in 1961
7
Risky Map Clicking: Biggest States A-Z
8
Movies - When Are They Set?
More Sports Quizzes
Cities with Two Champions League Finalists
Published
Trending Quizzes
Risky Map Clicking: Least Populous States A-Z
1-10 Letter G Words
1-10 Letter F Words
Risky Map Clicking: Next State Alphabetically
Risky Map Clicking: Biggest States A-Z
Recently Updated
Leaping Animals
pecheneg
Reality TV Shows (A-Z)
bhenderson79
Rickey Henderson's Hall of Fame Teammates
pecheneg
Champions League XIs: Arsenal
pecheneg
Quick Pick: Celebrities in WWE's Hall of Fame
aduchscher
A-Z Keypad Blitz II
pecheneg
Multiple Oscar Actors
pecheneg
Mystery Phrase Blitz: Oscar 'Best Actors'
pecheneg
F. Scott Fitzgerald Novels
LTH
Pick 3 Villains
ddd62291
Trending Topics
Crossword
Anime
Marvel
NBA
Harry Potter
Kpop
Disney
Country
WWE
Puzzle
Soccer
NFL
Pokémon
The Office
Song
Your Account Isn't Verified!
In order to create a playlist on Sporcle, you need to verify the email address you used during registration. Go to your
Sporcle Settings
to finish the process.
Report this User
Report this user for behavior that violates our
Community Guidelines
.
Details:
Send Report
Go to the Sporcle.com Mobile Site →
Comments